000 00741nam a22001577a 4500
003 SGT
020 _a9788121926140
082 _a547, BAH
100 _aBAHL ARUN
245 _aA TEXTBOOK OF ORGANIC CHEMISTRY
260 _aNEW DELHI
_bS. CHAND
_c2014
300 _a1073
650 _aORGANIC CHEMISTRY
653 _a Getting Started, Purification Of Organic Compounds, Composition Of Organic Compounds, Empirical And Molecular Formulae, Structure Of Organic Molecules, Organic Reaction And Their Mechanism, Isomerism, Nomenclature Of Organic Compounds, Spectroscop, Alkanes.........Vitamins, Steroids And Antibiotics, Predicting Trends, Road Map Problems, Multistep Synthesis, Multiple Choice Questions
942 _2ddc
_cFPS
_01
999 _c9230
_d9230